[Event "ZMDI-Open 2013"]
[Site "Dresden"]
[Date "2013.08.17"]
[Round "8"]
[White "Siedentopf, D."]
[Black "Seres, L."]
[Result "1/2-1/2"]
[WhiteElo "2311"]
[BlackElo "2442"]
[PlyCount "82"]
[EventDate "2013.??.??"]

1. d4 Nf6 2. c4 e6 3. Nc3 Bb4 4. e3 O-O 5. Nge2 d5 6. a3 Be7 7. cxd5 exd5 8.
Nf4 c6 9. Bd3 a5 10. O-O Bd6 11. f3 Bxf4 12. exf4 b6 13. f5 Ba6 14. Bg5 Qd6 15.
Bxa6 Nxa6 16. Qd2 Rfe8 17. Rac1 Nd7 18. g4 h6 19. Bh4 Rac8 20. Rfd1 b5 21. Bg3
Qf8 22. a4 b4 23. Ne2 c5 24. Nf4 Nb6 25. f6 g5 26. dxc5 gxf4 27. Bxf4 Nc4 28.
Rxc4 dxc4 29. Bd6 Red8 30. Qf4 Rxd6 31. cxd6 c3 32. bxc3 bxc3 33. d7 c2 34. Re1
Rd8 35. Re8 Rxe8 36. dxe8=R Qxe8 37. Qxh6 Qf8 38. Qg5+ Kh8 39. Qh5+ Kg8 40.
Qg5+ Kh8 41. Qh5+ Kg8 1/2-1/2

[Event "ZMDI-Open 2013"]
[Site "Dresden"]
[Date "2013.08.17"]
[Round "8"]
[White "Skibbe, W."]
[Black "Gutman, L."]
[Result "1/2-1/2"]
[WhiteElo "2292"]
[BlackElo "2441"]
[PlyCount "93"]
[EventDate "2013.??.??"]

1. d4 Nf6 2. c4 g6 3. Nc3 d5 4. Nf3 Bg7 5. Bg5 dxc4 6. e4 O-O 7. Bxc4 Nfd7 8.
Qd2 Nb6 9. Be2 Bg4 10. Rd1 Bxf3 11. gxf3 Nc6 12. d5 Nd4 13. Be3 Nc4 14. Qc1
Nxe3 15. fxe3 Nxe2 16. Nxe2 Qd6 17. O-O Rac8 18. Nd4 Qb6 19. Rd3 c5 20. dxc6
bxc6 21. Rb3 Qa5 22. Rc3 c5 23. Ra3 Qb6 24. Nb3 c4 25. Nd4 Bxd4 26. exd4 Qxd4+
27. Kg2 Rfd8 28. Rf2 Rc5 29. Qe3 Qxe3 30. Rxe3 Rg5+ 31. Kf1 Rd1+ 32. Re1 Rg1+
33. Kxg1 Rxe1+ 34. Kg2 Rc1 35. Rd2 c3 36. bxc3 Rxc3 37. Rd7 Ra3 38. Rxe7 Rxa2+
39. Kg3 Kg7 40. e5 Kf8 41. Rb7 h6 42. h4 Ra4 43. Rc7 a5 44. Ra7 Ra1 45. Kf4 a4
46. e6 f6 47. Rf7+ 1/2-1/2

[Event "ZMDI-Open 2013"]
[Site "Dresden"]
[Date "2013.08.17"]
[Round "8"]
[White "Sergeev, V."]
[Black "Neef, M."]
[Result "1/2-1/2"]
[WhiteElo "2432"]
[BlackElo "2252"]
[PlyCount "114"]
[EventDate "2013.??.??"]

1. Nf3 Nf6 2. c4 g6 3. b4 Bg7 4. Bb2 O-O 5. e3 d6 6. d4 Nbd7 7. h3 b6 8. Be2
Bb7 9. O-O a5 10. a3 axb4 11. axb4 Rxa1 12. Bxa1 Qa8 13. Nc3 c5 14. bxc5 bxc5
15. d5 Rb8 16. Qc2 Ba6 17. Nd2 Rb4 18. Na2 Rb6 19. Rc1 Qb8 20. Bf1 Ne8 21. Bxg7
Kxg7 22. Rb1 Nc7 23. Rxb6 Qxb6 24. f4 f6 25. Qc3 Bc8 26. Nc1 Na6 27. Nd3 Nb4
28. Nf2 Qa5 29. Be2 Qa2 30. Bd1 Nb6 31. Nfe4 Bf5 32. Bb3 Qa3 33. g4 Bxe4 34.
Nxe4 Na2 35. Bxa2 Qxa2 36. Nd2 Na4 37. Qd3 Kf8 38. h4 Qa1+ 39. Kf2 Qd1 40. Qe2
Qh1 41. Nf3 Nc3 42. Qd3 Nd1+ 43. Kg3 Nb2 44. Qc3 Nd1 45. Qd2 Qf1 46. e4 h5 47.
gxh5 gxh5 48. e5 f5 49. exd6 exd6 50. Qc2 Ke7 51. Qd2 Kf6 52. Qc2 Kg7 53. Qa2
Kh7 54. Qd2 Kg6 55. Qe2 Ne3 56. Qd2 Nd1 57. Qc2 Ne3 1/2-1/2

[Event "ZMDI-Open 2013"]
[Site "Dresden"]
[Date "2013.08.17"]
[Round "8"]
[White "Pallas, S."]
[Black "Donchenko, A."]
[Result "0-1"]
[WhiteElo "1903"]
[BlackElo "2364"]
[PlyCount "78"]
[EventDate "2013.??.??"]

1. e4 c6 2. c4 e5 3. d4 Bb4+ 4. Bd2 Bxd2+ 5. Qxd2 d6 6. Nc3 Nf6 7. O-O-O Nbd7
8. Nf3 Qe7 9. h3 O-O 10. g4 Re8 11. Bg2 a6 12. Nh4 g6 13. Bf3 Kh8 14. g5 Ng8
15. Bg4 b5 16. Bxd7 Bxd7 17. dxe5 dxe5 18. Nf3 Ra7 19. Qd6 Kg7 20. c5 f6 21.
Qxe7+ Rxe7 22. Rd3 fxg5 23. Nxg5 Nf6 24. Re3 a5 25. Nf3 Be8 26. Rd1 Nd7 27. Rg1
Nxc5 28. h4 Rad7 29. Kc2 Ne6 30. Nd2 Bf7 31. Nf1 Nd4+ 32. Kb1 Bc4 33. Ng3 Rf7
34. Rg2 Kf8 35. b3 Be6 36. Kb2 Rf4 37. h5 Rdf7 38. Nd1 g5 39. h6 Bg4 0-1

[Event "ZMDI-Open 2013"]
[Site "Dresden"]
[Date "2013.08.17"]
[Round "8"]
[White "Wagner, D."]
[Black "Vrublevskaya, O."]
[Result "1-0"]
[WhiteElo "2465"]
[BlackElo "2176"]
[PlyCount "69"]
[EventDate "2013.??.??"]

1. d4 Nf6 2. c4 g6 3. Nc3 d5 4. cxd5 Nxd5 5. Bd2 Bg7 6. e4 Nxc3 7. Bxc3 O-O 8.
Qd2 c5 9. d5 e6 10. Bc4 Bd7 11. Rd1 exd5 12. Bxd5 Nc6 13. Nf3 Bxc3 14. Qxc3 Qe7
15. h3 Nb4 16. O-O Bb5 17. Rfe1 Rae8 18. a3 Nxd5 19. Rxd5 b6 20. Ne5 Qf6 21.
Qg3 Bc6 22. Ng4 Qxb2 23. Rd6 Re6 24. Rxe6 fxe6 25. Qd6 Qc3 26. Nh6+ Kg7 27.
Qe7+ Kxh6 28. Qxf8+ Qg7 29. Qf4+ g5 30. Qd6 Qd7 31. Qe5 Kg6 32. Re3 Qe7 33. f4
h6 34. f5+ Kf7 35. Rf3 1-0

[Event "ZMDI-Open 2013"]
[Site "Dresden"]
[Date "2013.08.17"]
[Round "8"]
[White "Fraczek, D."]
[Black "Budzyn, M."]
[Result "1-0"]
[WhiteElo "2422"]
[BlackElo "2167"]
[PlyCount "83"]
[EventDate "2013.??.??"]

1. c4 g6 2. Nc3 Nf6 3. e4 e5 4. g3 Bg7 5. Bg2 O-O 6. Nge2 d6 7. d3 Nc6 8. h3
Rb8 9. O-O a6 10. Be3 b5 11. b3 b4 12. Nd5 Ne7 13. d4 c6 14. Nxf6+ Bxf6 15. f4
exd4 16. Bxd4 Bxd4+ 17. Qxd4 c5 18. Qd2 f5 19. exf5 gxf5 20. Rad1 Rf6 21. Rf3
Bb7 22. Rd3 Bxg2 23. Kxg2 Rb6 24. Ng1 Qa8+ 25. Nf3 a5 26. Re1 Ng6 27. Kf2 a4
28. Qb2 Rf8 29. Qe2 axb3 30. Qe6+ Kg7 31. axb3 Ra6 32. Rd2 Rf6 33. Qe2 Ra1 34.
h4 Rxe1 35. Qxe1 Qa3 36. h5 Nh8 37. Qe7+ Nf7 38. Ng5 Qc1 39. Re2 Qh1 40. h6+
Kg6 41. Qxf6+ Kh5 42. Nf3 1-0

[Event "ZMDI-Open 2013"]
[Site "Dresden"]
[Date "2013.08.17"]
[Round "8"]
[White "Rjabzev, K."]
[Black "Hansch, K."]
[Result "1-0"]
[WhiteElo "2287"]
[BlackElo "2141"]
[PlyCount "53"]
[EventDate "2013.??.??"]

1. e4 c5 2. Nf3 d6 3. c3 Nf6 4. h3 Nbd7 5. Bd3 b6 6. O-O Bb7 7. Re1 g6 8. Bc2
Bg7 9. d4 O-O 10. d5 Qc7 11. a4 e5 12. dxe6 fxe6 13. Na3 d5 14. exd5 exd5 15.
Ng5 Rfe8 16. Ne6 Qc6 17. Nxg7 Kxg7 18. Bf4 Rxe1+ 19. Qxe1 Re8 20. Qd2 Ne4 21.
Bxe4 Rxe4 22. f3 Re7 23. Nb5 a6 24. Nd6 Ne5 25. Bh6+ Kg8 26. Qf4 Nf7 27. Qf6
1-0

[Event "ZMDI-Open 2013"]
[Site "Dresden"]
[Date "2013.08.17"]
[Round "8"]
[White "Jürgens, K."]
[Black "Shvayger, Y."]
[Result "0-1"]
[WhiteElo "2148"]
[BlackElo "2265"]
[PlyCount "44"]
[EventDate "2013.??.??"]

1. Nf3 c5 2. c4 Nc6 3. d4 cxd4 4. Nxd4 Nf6 5. Nc3 e6 6. a3 d5 7. cxd5 exd5 8.
Bg5 Bc5 9. e3 Be6 10. Bb5 Rc8 11. Qa4 O-O 12. Bxc6 bxc6 13. Nxc6 Qb6 14. Bxf6
Rxc6 15. b4 Bxe3 16. Nd1 Bxf2+ 17. Nxf2 Qe3+ 18. Kf1 Rfc8 19. Rd1 gxf6 20. b5
Rc1 21. Qh4 Qd2 22. Qg3+ Kf8 0-1

[Event "ZMDI-Open 2013"]
[Site "Dresden"]
[Date "2013.08.17"]
[Round "8"]
[White "Böttger, L."]
[Black "Günnigmann, M."]
[Result "1-0"]
[WhiteElo "2240"]
[BlackElo "2140"]
[PlyCount "115"]
[EventDate "2013.??.??"]

1. d4 Nf6 2. c4 c5 3. d5 e5 4. Nc3 d6 5. e4 Be7 6. g3 O-O 7. Bg2 Nbd7 8. Nge2
a6 9. O-O Ne8 10. Be3 g6 11. Qd2 Ng7 12. Nc1 b5 13. b3 Nb6 14. a4 b4 15. N3e2
f5 16. Nd3 fxe4 17. Bxe4 Bh3 18. Bg2 Bxg2 19. Kxg2 Nd7 20. f4 Bf6 21. Rae1 Qe7
22. fxe5 Nxe5 23. Bh6 Nxd3 24. Qxd3 Rae8 25. Qb1 Qe4+ 26. Qxe4 Rxe4 27. Bxg7
Bxg7 28. Nf4 Rfe8 29. Ne6 Rxe1 30. Rxe1 a5 31. Rf1 Bc3 32. g4 Be5 33. h4 Bc3
34. Kh3 Be5 35. Rf3 Rc8 36. h5 gxh5 37. g5 Re8 38. Kh4 Rc8 39. Kxh5 Re8 40. g6
hxg6+ 41. Kxg6 Bc3 42. Rf7 Be5 43. Ra7 Kh8 44. Rh7+ Kg8 45. Rd7 Ra8 46. Rd8+
Rxd8 47. Nxd8 Kf8 48. Nc6 Bg3 49. Kf6 Ke8 50. Ke6 Bf4 51. Nxa5 Kd8 52. Nc6+ Kc7
53. a5 Kb7 54. Kd7 Ka6 55. Nd8 Kxa5 56. Nb7+ Kb6 57. Nxd6 Bg3 58. Nb5 1-0

[Event "ZMDI-Open 2013"]
[Site "Dresden"]
[Date "2013.08.17"]
[Round "8"]
[White "Hentze, M."]
[Black "Petzold, G."]
[Result "0-1"]
[WhiteElo "2106"]
[BlackElo "2238"]
[PlyCount "90"]
[EventDate "2013.??.??"]

1. e4 c6 2. d4 d5 3. exd5 cxd5 4. c4 Nf6 5. Nc3 Nc6 6. Bg5 dxc4 7. d5 Ne5 8.
Qd4 h6 9. Qxe5 hxg5 10. Bxc4 Bd7 11. Nf3 Rc8 12. Bb3 g4 13. Ng5 Rh5 14. Qe3 Qb6
15. Qxb6 axb6 16. f4 gxf3 17. Nxf3 g6 18. O-O Bh6 19. Rae1 Bf4 20. Ne4 Nxe4 21.
Rxe4 Bd6 22. Rh4 Rxh4 23. Nxh4 Bc5+ 24. Kh1 Bd4 25. Nf3 Bxb2 26. Ng5 Rc1 27.
Rxc1 Bxc1 28. Nf3 Bb2 29. Ng5 Bf6 30. Ne4 Bd4 31. h3 Be3 32. Kh2 f5 33. Nc3 Kf7
34. Kg3 Kf6 35. Kf3 Bc5 36. g4 Kg5 37. gxf5 Bxf5 38. Ne4+ Kh4 39. Ng3 Bxh3 40.
Bc2 Bd6 41. Ne4 g5 42. Nxd6 exd6 43. Bg6 g4+ 44. Kf4 g3 45. Kf3 Bf1 0-1

[Event "ZMDI-Open 2013"]
[Site "Dresden"]
[Date "2013.08.17"]
[Round "8"]
[White "Müller-Dehn, C."]
[Black "Andre, G."]
[Result "0-1"]
[WhiteElo "2181"]
[BlackElo "2333"]
[PlyCount "78"]
[EventDate "2013.??.??"]

1. d4 Nf6 2. c4 c5 3. d5 e5 4. Nc3 d6 5. e4 Be7 6. g3 Nbd7 7. Bg2 a6 8. a4 O-O
9. Nge2 Ne8 10. O-O g6 11. Bh6 Ng7 12. Qd2 Nf6 13. h3 Kh8 14. Kh2 b6 15. Rab1
Rb8 16. b4 cxb4 17. Rxb4 a5 18. Rb2 Nd7 19. Rfb1 g5 20. Nc1 Rg8 21. Bxg7+ Rxg7
22. Bf3 h5 23. g4 Nf6 24. Kg3 hxg4 25. hxg4 Rh7 26. Nb3 Qd7 27. Nxa5 Rh4 28.
Nc6 Ra8 29. Nxe7 Nh5+ 30. Kg2 Nf4+ 31. Kg1 Qxe7 32. Qd1 Qf6 33. Rxb6 Nh3+ 34.
Kg2 Bxg4 35. Rb8+ Rxb8 36. Rxb8+ Kg7 37. Rb2 Nf4+ 38. Kg1 Qh6 39. a5 Rh3 0-1

[Event "ZMDI-Open 2013"]
[Site "Dresden"]
[Date "2013.08.17"]
[Round "8"]
[White "Stock, A."]
[Black "Bräuer, F."]
[Result "0-1"]
[WhiteElo "2107"]
[BlackElo "2282"]
[PlyCount "128"]
[EventDate "2013.??.??"]

1. c4 Nf6 2. Nc3 e6 3. Nf3 d5 4. cxd5 exd5 5. d4 c6 6. Bg5 Be7 7. Qc2 O-O 8. e3
Nbd7 9. Bd3 Re8 10. O-O h6 11. Bh4 Ne4 12. Bxe7 Qxe7 13. Nd2 Ndf6 14. Ndxe4
dxe4 15. Be2 Bf5 16. Rac1 Rad8 17. a3 h5 18. Qa4 a6 19. Qa5 Bg4 20. Bxg4 hxg4
21. Rcd1 Nd5 22. Rc1 Qg5 23. Nxd5 Rxd5 24. Qc7 Qe7 25. Qxe7 Rxe7 26. Rc3 Red7
27. Rfc1 f5 28. g3 Kf7 29. Kg2 Ke6 30. h3 gxh3+ 31. Kxh3 g5 32. Rc5 Rxc5 33.
Rxc5 g4+ 34. Kg2 Rd5 35. Rc1 Rb5 36. Rc2 Kd5 37. Kf1 b6 38. Ke2 Rb3 39. Kd2 a5
40. Ke2 Rd3 41. Rc1 c5 42. dxc5 bxc5 43. Rc2 c4 44. Rc1 Rb3 45. Rc2 c3 46. bxc3
Kc4 47. Kd2 Rxa3 48. Rb2 Rxc3 49. Rb8 Ra3 50. Rc8+ Kb4 51. Rb8+ Ka4 52. Rf8
Ra2+ 53. Ke1 Kb3 54. Rxf5 a4 55. Rb5+ Kc3 56. Rc5+ Kb4 57. Re5 a3 58. Rxe4+ Kb3
59. Re8 Rc2 60. Rb8+ Kc3 61. Rc8+ Kb2 62. Rb8+ Kc1 63. Ra8 a2 64. e4 Kb1 0-1

[Event "ZMDI-Open 2013"]
[Site "Dresden"]
[Date "2013.08.17"]
[Round "8"]
[White "Herrich, C."]
[Black "Hess, C."]
[Result "1/2-1/2"]
[WhiteElo "2080"]
[BlackElo "2273"]
[PlyCount "105"]
[EventDate "2013.??.??"]

1. e4 c6 2. d4 d5 3. e5 Bf5 4. h4 h6 5. g4 Bd7 6. Nc3 e6 7. Be3 Qc7 8. Nf3 Ne7
9. h5 a6 10. Na4 Bc8 11. c3 Nd7 12. Nc5 b6 13. Nd3 c5 14. Nf4 Bb7 15. Bh3 Nc6
16. Rg1 Ncxe5 17. Nxe5 Nxe5 18. dxe5 Qxe5 19. Nd3 Qh2 20. Rg3 Bd6 21. Bf4 Bxf4
22. Nxf4 e5 23. Qe2 O-O 24. Ng2 Qg1+ 25. Qf1 Qxf1+ 26. Kxf1 d4 27. g5 hxg5 28.
Rxg5 Rfe8 29. Nh4 f6 30. Rg3 Re7 31. Nf5 Rc7 32. Bg2 Bxg2+ 33. Kxg2 dxc3 34.
bxc3 Rd8 35. Rb1 b5 36. Rb2 c4 37. a4 Rb8 38. axb5 Rxb5 39. Ra2 a5 40. Ra4 Rbc5
41. Kf3 Rd5 42. Ke2 e4 43. Rxc4 Rxc4 44. Ne7+ Kf7 45. Nxd5 Rc5 46. Nf4 Rc8 47.
Kd2 Rb8 48. Rg1 Rb2+ 49. Ke3 Rc2 50. Ne2 f5 51. Rc1 f4+ 52. Kxe4 Rxe2+ 53. Kxf4
1/2-1/2

[Event "ZMDI-Open 2013"]
[Site "Dresden"]
[Date "2013.08.17"]
[Round "8"]
[White "Holm, S."]
[Black "Baskin, R."]
[Result "0-1"]
[WhiteElo "2256"]
[BlackElo "2138"]
[PlyCount "46"]
[EventDate "2013.??.??"]

1. d4 Nf6 2. Nf3 g6 3. c4 Bg7 4. Nc3 O-O 5. e4 d6 6. h3 e5 7. Be3 exd4 8. Nxd4
Re8 9. Bd3 Nbd7 10. f3 c6 11. Qd2 d5 12. cxd5 cxd5 13. O-O dxe4 14. Nxe4 Nxe4
15. fxe4 Ne5 16. Bb5 Bd7 17. Qe2 a6 18. Bxd7 Nxd7 19. Qc4 Nf6 20. Qb3 Rxe4 21.
Nf3 Qd5 22. Qa3 Bf8 23. Qc3 Rxe3 0-1

[Event "ZMDI-Open 2013"]
[Site "Dresden"]
[Date "2013.08.17"]
[Round "8"]
[White "Frey, A."]
[Black "Barthel, A."]
[Result "1/2-1/2"]
[WhiteElo "2089"]
[BlackElo "2244"]
[PlyCount "46"]
[EventDate "2013.??.??"]

1. e4 Nf6 2. e5 Nd5 3. d4 d6 4. Nf3 Nb6 5. h3 g6 6. a4 Bg7 7. a5 N6d7 8. Bc4
dxe5 9. dxe5 Nxe5 10. Qxd8+ Kxd8 11. Nxe5 Bxe5 12. Bxf7 Rf8 13. Bd5 Rf6 14. O-O
Rd6 15. Bf3 Nc6 16. c3 Bf5 17. Be3 Ke8 18. Nd2 Bg7 19. Nb3 Rb8 20. Rfe1 Ne5 21.
Be2 Nc6 22. Bf3 Ne5 23. Be2 Nc6 1/2-1/2

[Event "ZMDI-Open 2013"]
[Site "Dresden"]
[Date "2013.08.17"]
[Round "8"]
[White "Paul, J."]
[Black "Mager, D."]
[Result "0-1"]
[WhiteElo "2238"]
[BlackElo "2006"]
[PlyCount "146"]
[EventDate "2013.??.??"]

1. c4 e5 2. g3 Nf6 3. Bg2 Nc6 4. Nc3 Bb4 5. Nd5 Bc5 6. e3 d6 7. Ne2 Bg4 8. O-O
O-O 9. h3 Bxe2 10. Qxe2 Nxd5 11. cxd5 Ne7 12. d3 f5 13. f4 Qd7 14. Bd2 Rae8 15.
b4 Bb6 16. a4 exf4 17. gxf4 Ng6 18. Qf2 a6 19. a5 Ba7 20. Rac1 Rf7 21. Rfe1
Rfe7 22. Kh2 Qb5 23. Rc4 c6 24. dxc6 d5 25. Rc3 bxc6 26. d4 Qb7 27. Bf1 Ra8 28.
Rec1 Re6 29. Bd3 Ne7 30. R3c2 Bb8 31. Be2 Bd6 32. Qg2 Kh8 33. Kh1 Rg8 34. Qf1
Ra8 35. Bd3 Bb8 36. Kg2 g6 37. Kf3 Ng8 38. Rc5 Nf6 39. Be1 Bc7 40. b5 axb5 41.
Bxb5 Bxf4 42. Rxc6 Rxe3+ 43. Kxf4 Qe7 44. Rxf6 Rg8 45. Qg2 Re4+ 46. Kg3 Qxf6
47. Kh2 f4 48. Bd2 Rf8 49. Qf3 Kg8 50. Bd3 Qxd4 51. Bxe4 Qxd2+ 52. Qg2 Qxc1 53.
Qa2 Qc3 54. Qxd5+ Kg7 55. Bf3 Qb2+ 56. Kg1 Rb8 57. a6 Qc1+ 58. Kh2 Rb2+ 59. Bg2
Qc3 60. Qd7+ Kh6 61. Qg4 Qg3+ 62. Qxg3 fxg3+ 63. Kxg3 Ra2 64. Bb7 Kg5 65. Kf3
Ra4 66. Bc8 Kh4 67. Ke3 g5 68. Kd3 h5 69. Kc3 Kg3 70. Kb3 Rxa6 71. Bxa6 Kxh3
72. Kc3 g4 73. Kd2 g3 0-1

[Event "ZMDI-Open 2013"]
[Site "Dresden"]
[Date "2013.08.17"]
[Round "8"]
[White "Vogel, R."]
[Black "Bogomolow, S."]
[Result "1-0"]
[WhiteElo "2072"]
[BlackElo "2206"]
[PlyCount "111"]
[EventDate "2013.??.??"]

1. Nf3 Nf6 2. d4 g6 3. c4 Bg7 4. Nc3 O-O 5. e4 d6 6. Be2 e5 7. O-O Nc6 8. d5
Ne7 9. Ne1 Nd7 10. Nd3 f5 11. f3 Kh8 12. Bd2 Ng8 13. Qc1 f4 14. c5 Nxc5 15.
Nxc5 dxc5 16. Na4 b6 17. b4 Bd7 18. Nb2 cxb4 19. Bxb4 Re8 20. Ba6 c5 21. dxc6
Bxc6 22. Rd1 Bd7 23. Nc4 b5 24. Bxb5 Nf6 25. Nd6 Rf8 26. Kh1 Qb8 27. Bxd7 Qxb4
28. Rb1 Qa5 29. Be6 h6 30. Rb5 Qa6 31. Qc7 Ne8 32. Nxe8 Raxe8 33. Rb7 Qxb7 34.
Qxb7 Rxe6 35. Qxa7 g5 36. a4 Rc8 37. Qd7 Rcc6 38. a5 h5 39. Qf7 Rg6 40. Ra1 Kh7
41. Qb7 Ra6 42. h3 Kh6 43. Qb5 Rgc6 44. Kg1 Kg6 45. Rd1 Bf6 46. Qb8 Kh6 47. Rd7
g4 48. Qf8+ Kg5 49. hxg4 Kh4 50. Kh2 Bg5 51. Rh7 Rh6 52. Rxh6 Bxh6 53. Qc8 Rg6
54. gxh5 Kxh5 55. Qh3+ Kg5 56. Qf5+ 1-0

[Event "ZMDI-Open 2013"]
[Site "Dresden"]
[Date "2013.08.17"]
[Round "8"]
[White "Chlost, M."]
[Black "Schnoor, E."]
[Result "0-1"]
[WhiteElo "2183"]
[BlackElo "2059"]
[PlyCount "78"]
[EventDate "2013.??.??"]

1. e4 c5 2. Nf3 d6 3. d4 cxd4 4. Nxd4 Nf6 5. Nc3 a6 6. Be3 e5 7. Nb3 Be6 8. h3
Be7 9. Qf3 h5 10. O-O-O Nbd7 11. Qg3 g6 12. f4 Rc8 13. fxe5 dxe5 14. Nb5 Nxe4
15. Qf3 Bd5 16. Rxd5 Qc7 17. Bd3 Nef6 18. Rf1 Qc6 19. Rxd7 Qxd7 20. Bg5 O-O 21.
Bh6 e4 22. Bxe4 Nxe4 23. Qxe4 Rfe8 24. Qf4 Bf8 25. Bxf8 Rxf8 26. N3d4 Rfd8 27.
Nb3 Qc7 28. Qf2 Qe7 29. g4 hxg4 30. hxg4 Rc4 31. Qf3 Re8 32. Kb1 Re4 33. Nc1
Re3 34. Qf4 Re1 35. Rf3 Re4 36. Qd2 Rxg4 37. b3 Rg1 38. Qd5 Rd8 39. Rxf7 Rxd5
0-1

[Event "ZMDI-Open 2013"]
[Site "Dresden"]
[Date "2013.08.17"]
[Round "8"]
[White "Hecht, C."]
[Black "Efroimski, M."]
[Result "0-1"]
[WhiteElo "2087"]
[BlackElo "2306"]
[PlyCount "72"]
[EventDate "2013.??.??"]

1. e4 c5 2. Nf3 d6 3. d4 cxd4 4. Nxd4 Nf6 5. Nc3 Nc6 6. Bg5 e6 7. Qd2 Be7 8.
O-O-O O-O 9. f3 Nxd4 10. Qxd4 a6 11. h4 b5 12. Bd3 Bb7 13. e5 dxe5 14. Qxe5 Qb8
15. Qe2 Qc7 16. Kb1 Rfd8 17. Ne4 Nd5 18. Bxe7 Qxe7 19. Qf2 Rac8 20. Rhe1 b4 21.
Ka1 a5 22. f4 a4 23. f5 a3 24. fxe6 fxe6 25. Ng5 g6 26. Nxe6 Rd6 27. Nd4 axb2+
28. Kxb2 Nc3 29. Rd2 Qg7 30. Bc4+ Bd5 31. Bxd5+ Rxd5 32. Qe3 Rcd8 33. Qe6+ Kh8
34. Qe8+ Qg8 35. Qe7 Rf5 36. Qc7 Ra8 0-1

[Event "ZMDI-Open 2013"]
[Site "Dresden"]
[Date "2013.08.17"]
[Round "8"]
[White "Kieslich, A."]
[Black "Schöne, M."]
[Result "0-1"]
[WhiteElo "2011"]
[BlackElo "2240"]
[PlyCount "86"]
[EventDate "2013.??.??"]

1. d4 Nf6 2. c4 g6 3. Nc3 Bg7 4. e4 d6 5. f3 O-O 6. Be3 a6 7. Nge2 Nbd7 8. Qd2
c5 9. Rd1 b6 10. Ng3 cxd4 11. Bxd4 Bb7 12. Be2 Re8 13. O-O Bc6 14. Nd5 Rc8 15.
f4 e6 16. Nxf6+ Nxf6 17. e5 dxe5 18. fxe5 Nd7 19. Qf4 Rf8 20. Bc3 Qc7 21. Rd6
Rcd8 22. Rfd1 Nc5 23. Qd2 Nb7 24. Rxd8 Rxd8 25. Qe3 Nc5 26. Rxd8+ Qxd8 27. Bd4
Nd7 28. c5 bxc5 29. Bxc5 Nxc5 30. Qxc5 Qd5 31. Qxd5 Bxd5 32. Bxa6 Bxa2 33. b4
Bxe5 34. b5 Bc4 35. Kf2 Bd4+ 36. Ke1 Kf8 37. Ne2 e5 38. Nxd4 exd4 39. Kd2 Ke7
40. Kc2 Kd6 41. Kd2 Kc5 42. Bb7 Bxb5 43. Bf3 Bc6 0-1

[Event "ZMDI-Open 2013"]
[Site "Dresden"]
[Date "2013.08.17"]
[Round "8"]
[White "Hansch, T."]
[Black "Zimmermann, C."]
[Result "1/2-1/2"]
[WhiteElo "2116"]
[BlackElo "2045"]
[PlyCount "72"]
[EventDate "2013.??.??"]

1. d4 Nf6 2. c4 g6 3. Nc3 d5 4. e3 Bg7 5. Nf3 O-O 6. Qb3 e6 7. Bd2 Nc6 8. cxd5
exd5 9. Bd3 Re8 10. O-O Rb8 11. Bb5 Na5 12. Qa4 c6 13. Bd3 Bg4 14. Ne5 Nc4 15.
Bxc4 dxc4 16. Nxg4 Nxg4 17. Qxc4 Qd6 18. g3 Qd7 19. Rfe1 Qf5 20. Qf1 c5 21. h3
cxd4 22. hxg4 Qc2 23. Qe2 dxc3 24. Bxc3 Qe4 25. Bxg7 Kxg7 26. Rac1 Rh8 27. Rc4
Qe6 28. b3 Rhc8 29. Rec1 b6 30. Qb2+ Kg8 31. Qd4 Rxc4 32. Rxc4 Rc8 33. Rxc8+
Qxc8 34. a4 Qc1+ 35. Kg2 Qc6+ 36. Kg1 Qc1+ 1/2-1/2

[Event "ZMDI-Open 2013"]
[Site "Dresden"]
[Date "2013.08.17"]
[Round "8"]
[White "Brendel, B."]
[Black "Mertens, F."]
[Result "1-0"]
[WhiteElo "2033"]
[BlackElo "2097"]
[PlyCount "39"]
[EventDate "2013.??.??"]

1. e4 c5 2. Nf3 d6 3. d4 cxd4 4. Nxd4 Nf6 5. Nc3 a6 6. Bg5 Nbd7 7. Bc4 Qa5 8.
Qd2 e6 9. O-O-O b5 10. Bxe6 fxe6 11. Nxe6 Kf7 12. Nxf8 Rxf8 13. a3 Bb7 14. Qxd6
Rfe8 15. Nd5 Rad8 16. Bd2 Ne5 17. Qxf6+ gxf6 18. Bxa5 Rc8 19. Bc3 Ng4 20. Rhf1
1-0

[Event "ZMDI-Open 2013"]
[Site "Dresden"]
[Date "2013.08.17"]
[Round "8"]
[White "Rudolf, M."]
[Black "Sponheim, M."]
[Result "0-1"]
[WhiteElo "2108"]
[BlackElo "2073"]
[PlyCount "70"]
[EventDate "2013.??.??"]

1. e4 c5 2. Nf3 d6 3. d4 cxd4 4. Nxd4 Nf6 5. Nc3 a6 6. Be3 e5 7. Nb3 Be6 8. Qd2
Nbd7 9. f3 h5 10. O-O-O Qc7 11. Kb1 Be7 12. g3 b5 13. f4 Rb8 14. Nd5 Bxd5 15.
exd5 O-O 16. Qa5 Qb7 17. Bg2 Rfc8 18. Qd2 Bd8 19. Rhe1 b4 20. fxe5 Nxe5 21. Bf4
Nc4 22. Qd3 g6 23. Re2 Nd7 24. Re8+ Kg7 25. Nd4 Bf6 26. Rxc8 Rxc8 27. Bc1 Nde5
28. Qe2 a5 29. Nc6 a4 30. Rf1 Qb5 31. Qe4 b3 32. cxb3 axb3 33. a3 Ra8 34. Bh6+
Kxh6 35. Qf4+ Bg5 0-1

[Event "ZMDI-Open 2013"]
[Site "Dresden"]
[Date "2013.08.17"]
[Round "8"]
[White "Proschmann, T."]
[Black "Humburg, P."]
[Result "1-0"]
[WhiteElo "2091"]
[BlackElo "2054"]
[PlyCount "95"]
[EventDate "2013.??.??"]

1. e4 c5 2. b4 cxb4 3. Bb2 d5 4. exd5 Qxd5 5. d4 Nf6 6. c4 bxc3 7. Nxc3 Qa5 8.
Bc4 Qb4 9. Qb3 e6 10. Nf3 Nc6 11. O-O Qxb3 12. axb3 Be7 13. Ne5 O-O 14. Nb5 a6
15. Nc7 Ra7 16. Nb5 Ra8 17. Nc7 Rb8 18. Nxa6 Nxe5 19. Nxb8 Nxc4 20. bxc4 Bd8
21. Ba3 Re8 22. Bd6 Ne4 23. c5 Bf6 24. Be5 Bxe5 25. dxe5 Nxc5 26. Rfd1 f6 27.
Rac1 b6 28. Rd6 fxe5 29. Rxb6 Nd7 30. Nxd7 Bxd7 31. Rc7 Ra8 32. f3 Be8 33. Rbb7
Bg6 34. Rxg7+ Kh8 35. h4 Re8 36. h5 Bd3 37. h6 Bg6 38. Rge7 Rc8 39. Rxe6 Kg8
40. Rxe5 Rc1+ 41. Kh2 Rc4 42. Ra5 Rc8 43. g4 Rf8 44. Kg3 Bd3 45. Rg7+ Kh8 46.
Rga7 Bg6 47. Ra8 Be8 48. Re5 1-0

[Event "ZMDI-Open 2013"]
[Site "Dresden"]
[Date "2013.08.17"]
[Round "8"]
[White "Pietzsch, M."]
[Black "Heinemann, J."]
[Result "1-0"]
[WhiteElo "2086"]
[BlackElo "2003"]
[PlyCount "87"]
[EventDate "2013.??.??"]

1. e4 c5 2. Nf3 d6 3. d4 cxd4 4. Nxd4 Nf6 5. Nc3 a6 6. Bd3 e6 7. O-O Be7 8. Be3
O-O 9. f4 Nbd7 10. Qe2 Qc7 11. g4 b5 12. g5 Ne8 13. Qh5 Nc5 14. Rf3 g6 15. Qh6
f6 16. f5 fxg5 17. fxg6 hxg6 18. Qxg6+ Ng7 19. Raf1 Rxf3 20. Rxf3 Bf8 21. Nf5
exf5 22. Nd5 Qf7 23. Nf6+ Qxf6 24. Qxf6 Bb7 25. Bxc5 dxc5 26. Qb6 Bxe4 27. Bxe4
fxe4 28. Qb7 exf3 29. Qxa8 g4 30. Qc8 Kf7 31. Qxg4 Bd6 32. Qxf3+ Ke6 33. h4 Nf5
34. h5 b4 35. h6 Be5 36. Qe4 Nd6 37. Qg6+ Ke7 38. b3 a5 39. Qg5+ Ke6 40. Qg8+
Nf7 41. Qe8+ Kf6 42. Qc6+ Bd6 43. h7 Kg7 44. Qd7 1-0

[Event "ZMDI-Open 2013"]
[Site "Dresden"]
[Date "2013.08.17"]
[Round "8"]
[White "Peil, C."]
[Black "Müller, M."]
[Result "1-0"]
[WhiteElo "2015"]
[BlackElo "2264"]
[PlyCount "193"]
[EventDate "2013.??.??"]

1. c4 e6 2. d4 d5 3. Nf3 Be7 4. g3 Nf6 5. Bg2 O-O 6. O-O Nbd7 7. Qc2 c5 8. cxd5
exd5 9. Nc3 b6 10. b3 Bb7 11. Bb2 Re8 12. Rfd1 Rc8 13. Rac1 a6 14. dxc5 Bxc5
15. e3 b5 16. Qf5 Qe7 17. Bh3 Nb6 18. Nd4 Rcd8 19. Qd3 g6 20. Rc2 Nbd7 21. Bg2
Ne5 22. Qf1 Ne4 23. Rdc1 Bd6 24. a4 b4 25. Nd1 h5 26. Nf3 Nd7 27. Bd4 Nf8 28.
Bb6 Rd7 29. Nd4 h4 30. Nc6 Qe6 31. Bd4 Rc7 32. Bb6 Rcc8 33. Ba5 Qf6 34. Nxb4
Nd2 35. Qd3 Rxc2 36. Nxc2 Nf3+ 37. Bxf3 Qxf3 38. Nd4 Qg4 39. Kg2 Rc8 40. Nc3
Nd7 41. Qd1 Qg5 42. Nce2 Nc5 43. Ng1 hxg3 44. hxg3 Re8 45. Ngf3 Qe7 46. Be1 Ne4
47. Qd3 Qd7 48. Ba5 Bc8 49. Rh1 f6 50. Qd1 Re7 51. Nc2 Qb7 52. Ncd4 Rh7 53. Rh4
Rxh4 54. Nxh4 Kg7 55. Nhf3 Qd7 56. Ng1 Bc5 57. Qc2 Kh6 58. b4 Bxd4 59. exd4 Qf5
60. Qe2 g5 61. Qd3 Bd7 62. f3 Nd6 63. Qb3 Qe6 64. Kf2 Nc4 65. Bd8 Kg7 66. a5
Bb5 67. Qc3 Qd6 68. Bb6 Kf7 69. Bc5 Qd7 70. Qc2 Kg7 71. Qe2 Ne5 72. Qd2 Nd3+
73. Kg2 Qf5 74. Qe3 Be8 75. Qxe8 Nxc5 76. bxc5 g4 77. Qe7+ Kg6 78. Qe8+ Kg7 79.
Qe2 gxf3+ 80. Nxf3 Qb1 81. Qd2 Kf7 82. c6 Qb8 83. Qc2 Qc8 84. Qh7+ Ke6 85. Qd7+
Qxd7 86. cxd7 Kxd7 87. Kf2 Kc6 88. Ke3 Kb5 89. Kd3 Kxa5 90. Kc3 Ka4 91. Nh2 f5
92. Nf1 Ka3 93. Ne3 a5 94. Nxf5 a4 95. Ne7 Ka2 96. Nxd5 a3 97. Nb4+ 1-0